000 00407 a2200145 4500
005 20250627160647.0
020 _a0-8213-1751-2
082 _a338.9 WAR
100 _aWARD, W . A
245 _aThe Economics of Project Analysis: A practitioner's Guide,
260 _aNew York,
_bUSA,
_c1991.
300 _axi.; 318p.; table,
_bBibliography,
_c28cm.
700 _aDEREN, B . J & SILVA , E . H
942 _2ddc
_cBKS
999 _c5740
_d5740